[Event "Lisbon Christmas op"]
[Site "Lisbon"]
[Date "2014.12.28"]
[Round "5"]
[White "Gisbert Mir, Alejandro"]
[Black "Broek, Barry"]
[Result "1/2-1/2"]
[WhiteElo "1728"]
[BlackElo "1465"]
[PlyCount "64"]
[EventDate "2014.12.26"]
[EventType "swiss"]
[EventRounds "9"]
[EventCountry "POR"]
[SourceTitle "EXT 2018"]
[Source "ChessBase"]
[SourceDate "2017.10.13"]
[SourceVersion "1"]
[SourceVersionDate "2017.10.13"]
[SourceQuality "1"]

1. d4 c6 2. c4 d6 3. Nc3 Qc7 4. e4 e5 5. d5 Nf6 6. f3 Be7 7. Be3 0-0 8. Bd3 Na6 9. Nge2 Bd7 10. 0-0 Nc5 11. b4 Nxd3 12. Qxd3 a5 13. b5 c5 14. a4 b6 15. Ng3 Rfe8 16. Qd2 Qd8 17. Nf5 Bxf5 18. exf5 Nh5 19. Ne2 Bf6 20. Rae1 e4 21. fxe4 Rxe4 22. Nf4 Nxf4 23. Rxf4 Rxf4 24. Bxf4 Bd4+ 25. Kh1 Qf6 26. Qe2 h6 27. Qe7 Rd8 28. Qxf6 Bxf6 29. g4 Kf8 30. Kg2 Bg5 31. Bg3 Rd7 32. Kf3 Bf6 1/2-1/2